|
|
|
|
| LEADER |
00725nam a22002172a 4500 |
| 001 |
001726310 |
| 003 |
CZ BrMZK |
| 005 |
20200304091514.0 |
| 007 |
ta |
| 008 |
200121s1966 xr er|||||||||||cze d |
| 040 |
|
|
|a BOA001
|b cze
|e aacr2
|
| 100 |
1 |
|
|a Pavelka, Karel
|7 jk01092049
|4 aut
|
| 245 |
1 |
0 |
|a Kritéria pro racionalizaci řízení /
|c Karel Pavelka, Ladislav Svatuška
|
| 260 |
|
|
|a [Praha :
|b Orbis],
|c 1966
|
| 300 |
|
|
|a 15 s.
|
| 700 |
1 |
|
|a Svatuška, Ladislav
|7 jk01121875
|4 aut
|
| 772 |
0 |
8 |
|i Samostatná příloha seriálu:
|t Hospodářské noviny,
|g č. 46/66
|
| 910 |
|
|
|a BOA001
|b X2-0573.648
|
| 990 |
|
|
|a BK
|
| 991 |
|
|
|b 202001
|
| 996 |
6 |
|
|b 2618843141
|c X2-0573.648
|l MZK
|r Sklad / do 24 hodin
|n 0
|w 001777717
|u 000010
|a 1
|e BOA001
|j MZK50
|s P
|